• 首页
  • 本馆介绍
  • 公告通知
  • 最新文献
  • 馆藏检索
  • 电子资源
  • 读者导购
  • 参考咨询
  • 我的图书馆
  • 登录
  • 详细信息显示
  • 放入我的书架
  • 预约/预借图书
  • 作者相关作品
  • 分类相关作品
  • 丛书相关作品
  • 出版社相关作品

书目信息

  • 表格格式
  • 工作单格式
  • 卡片格式
题名:
中国文化史述
    
 
作者: 刘惠孙
分册:  
出版信息:   文化艺术出版社  
页数: 620
开本: 20cm
丛书名:
单 册:
中图分类: G129
科图分类:
主题词: 文化事业--中国
电子资源:
ISBN: 7-5039-1556-0
000 00486nam0 2200181 450
001 0760515518
005 20070817164835.51
010    @a7-5039-1556-0@d¥28.00
100    @a20070817d km y0chiy0120 ea
101 0  @achi
200 1  @a中国文化史述@Azhong guo wen hua shi shu@f刘惠孙@Fliu hui sun
210    @c文化艺术出版社
215    @a620@d20cm
606 0  @a文化事业@x中国
690    @aG129@v3
701  0 @a刘惠孙@Aliu hui sun
801  0 @aCN@bPFT@c20070817
905    @a213230@dG129@eg4@f1
    
    中国文化史述/刘惠孙.-文化艺术出版社
    620;20cm
    
    
    ISBN 7-5039-1556-0:¥28.00
    
●
相关链接 在E读中查询图书 在五车中查询图书 在当当中查询图书 在豆瓣中查询图书


正题名:中国文化史述     索取号:G129/g4         预约/预借

序号 登录号 条形码 馆藏地/架位号 状态 备注
1 6500888   265008886   经管系资料室/ [索取号:G129/g4] 在馆    
唐山师范学院图书馆 欢迎您!
大连网信软件有限公司© 版权所有